书目信息 |
| 题名: |
学会生存
|
|
| 作者: | 陶春辉 主编 | |
| 分册: | ||
| 出版信息: | 北京 中国青年出版社 2002 |
|
| 页数: | 212页 | |
| 开本: | 19cm | |
| 丛书名: | ||
| 单 册: | ||
| 中图分类: | G635.5 | |
| 科图分类: | ||
| 主题词: | 生存--中小学--教育 | |
| 电子资源: | ||
| ISBN: | 7-5006-3597-4 | |
| 000 | 00698nam0 2200217 45 | |
| 001 | 0309220991 | |
| 005 | 20031219104115.8 | |
| 010 | @a7-5006-3597-4@dCNY13.60 | |
| 100 | @a20030922d2002 km y0chiy0120 ea | |
| 101 | 0 | @achi |
| 105 | @a z 000yy | |
| 200 | 1 | @a学会生存@AXue Hui Sheng Cun@e中小学生100个怎么办@EZhong Xiao Xue Sheng 100 Ge Zen Mo Ban@f陶春辉主编@FTao Chun Hui Zhu Bian |
| 205 | @a2版 | |
| 210 | @a北京@c中国青年出版社@d2002 | |
| 215 | @a212页@d19cm | |
| 517 | @a中小学生100个怎么办@AZhong Xiao Xue Sheng 100 Ge Zen Mo Ban | |
| 606 | 0 | @a生存@x中小学@x教育 |
| 690 | @aG635.5@v4 | |
| 701 | @a陶春辉@4主编 | |
| 801 | @aCN@bTSTC@c20030922 | |
| 905 | @b325878-882@dG635.5@e116=2@f5 | |
| 学会生存:中小学生100个怎么办/陶春辉主编.-2版.-北京:中国青年出版社,2002 |
| 212页;19cm |
| ISBN 7-5006-3597-4:CNY13.60 |
| ● |
| 相关链接 |
|
|
|
|
正题名:学会生存
索取号:G635.5/116=2
 
预约/预借
| 序号 | 登录号 | 条形码 | 馆藏地/架位号 | 状态 | 备注 |
| 1 | 0325878 | 203258786 | 第四借阅区/ [索取号:G635.5/116=2] | 在馆 | |
| 2 | 0325879 | 203258795 | 第四借阅区/ [索取号:G635.5/116=2] | 在馆 | |
| 3 | 0325880 | 203258802 | 第四借阅区/ [索取号:G635.5/116=2] | 在馆 | |
| 4 | 0325881 | 203258811 | 第四借阅区/ [索取号:G635.5/116=2] | 在馆 | |
| 5 | 0325882 | 203258820 | 第一样本阅览室/ [索取号:G635.5/116=2] | 在馆 |